000 00270nam a22001217a 4500
003 SGT
082 _a747
_bTAM
100 _aTAMHANE SWAPNAA
245 _aSAR THE ESSENCE OF INDIAN DESIGN
260 _aLONDON
_bPHAIDON PRESS
_c2016
300 _a303
942 _2ddc
_cBK
999 _c34775
_d34775